Building Construction (Record no. 5024)

MARC details
000 -LEADER
fixed length control field 00394nam a22001697a 4500
005 - DATE AND TIME OF LATEST TRANSACTION
control field 20160701105949.0
008 - FIXED-LENGTH DATA ELEMENTS--GENERAL INFORMATION
fixed length control field 160701b xxu||||| |||| 00| 0 eng d
020 ## - INTERNATIONAL STANDARD BOOK NUMBER
ISBN 978-81-318-0128-5
041 ## - LANGUAGE CODE
Language code of text/sound track or separate title eng
082 ## - DEWEY DECIMAL CLASSIFICATION NUMBER
Item number 20240
100 ## - MAIN ENTRY--AUTHOR NAME
Personal name Purmia Dr BC & 0ther
245 ## - TITLE STATEMENT
Title Building Construction
260 ## - PUBLICATION, DISTRIBUTION, ETC. (IMPRINT)
Name of publisher Laxmi
300 ## - PHYSICAL DESCRIPTION
Number of Pages 662
650 ## - SUBJECT ADDED ENTRY--TOPICAL TERM
Topical Term Diploma Engineering
942 ## - ADDED ENTRY ELEMENTS (KOHA)
Koha item type Books
Holdings
Lost status Damaged status Collection code Home library Current library Shelving location Date acquired Cost, normal purchase price Full call number Accession Number Koha item type
    Reference JRU Library   SHELF-72-A 01/07/2016 495.00 20240 20240 Books
      JRU Library   SHELF-42-G 01/07/2016 495.00 20240 20241 Books
      JRU Library   SHELF-42-G 01/07/2016 495.00 20240 20242 Books
      JRU Library     01/07/2016 495.00 20240 20243 Books
      JRU Library   SHELF-42-G 01/07/2016 495.00 20240 20244 Books